Príhovor na konferencii k 50. výročiu časopisu

Orientácia Pedagogickej revue na pedagogickú teóriu a pedagogiku ako vedu, na konkrétnu výchovno-vzdelávaciu prax a metodiku vyučovania. Námety na skvalitnenie obsahu časopisu. Vysoká odborná úroveň článkov z pedagogiky a psychológie.

Bibliographic Details
Main Author: Sádecký, Gejza, 1943-2025 (Author)
Format: Article
Language:Slovak

MARC

LEADER 00000nab a2200000 a 4500
001 vtls001505142
003 SK-MaSNL
005 20260304021000.0
008 140624s1998 xo 000 0 slo
035 |a SPKCL7469 
040 |a SPKCL  |b slo  |c SNKBUCL  |d ÚIP-SPK(ZZ)  |e AACR2 
041 |a slo 
044 |a xo  |c SK 
080 |a 37:05(091):061.3(437.6)  |2 1981 
100 1 |a Sádecký, Gejza,  |d 1943-2025  |4 aut  |9 88574 
245 1 0 |a Príhovor na konferencii k 50. výročiu časopisu  |c Gejza Sadecký 
520 |a Orientácia Pedagogickej revue na pedagogickú teóriu a pedagogiku ako vedu, na konkrétnu výchovno-vzdelávaciu prax a metodiku vyučovania. Námety na skvalitnenie obsahu časopisu. Vysoká odborná úroveň článkov z pedagogiky a psychológie. 
773 1 |t Pedagogická revue  |g Roč. 50, č. 4 (1998) s. 310-311 
850 |a Slovenská pedagogická knižnica Bratislava 
852 |a SPKCL  |b KIS3GCP  |b 000710000  |n SK 
999 |c 2602621  |d 2604551